| 000 | 00882nam a22002537a 4500 | ||
|---|---|---|---|
| 001 | BR2015005334 | ||
| 003 | BR-BrBNA | ||
| 005 | 20230928104725.0 | ||
| 007 | ta | ||
| 008 | 230509b bl.||||| |||| 00| 0 por d | ||
| 040 |
_aBR-BrBNA _bpor _cBiblioteca Nacional de Agricultura |
||
| 041 | _a(Por) | ||
| 072 | _aP40 | ||
| 090 | _ P40 BR2015005334 | ||
| 110 | 1 |
_aPainel Brasileiro de Mudanças Climáticas, Rio de Janeiro, RJ (Brasil) _97773 |
|
| 245 | 1 |
_aBase científica das mudanças climáticas: contribuição do grupo de trabalho 1 ao primeiro relatório de avaliação nacional do painel brasileiro de mudanças climáticas _bSumário Executivo |
|
| 260 | 3 |
_aRio de Janeiro, RJ (Brasil): _c2013. |
|
| 300 | _a21 p. | ||
| 500 | _a4 illus.; 7 graphs.; 3 tables | ||
| 650 | _aCLIMA | ||
| 650 | _aIMPACTO AMBIENTAL | ||
| 909 |
_a202309 _bLucia _c55 _dLucia Elande |
||
| 942 | _cBK | ||
| 999 |
_c81401 _d81401 |
||